00462 2200181 4500001002100000005001500021035002000036245003800056100002100094250001200115300002500127260005100152082001400203084002000217020002200237650001000259990001100269INLIS00000000000192820251218103223 a0010-12250000041 aNamaku Alam 1 /cLeila S. Chudori0 aLeila S. Chudori aCet. 15 aix, 438 hlm ;c20 cm aJakarta :bKepustakaan Populer Gramedia,c2025 a899.221'3 a899.221'3 LEI n a978-623-134-082-5 4aNovel a003985